000 00495nmm a2200169Ia 4500
008 251105s9999||||xx |||||||||||||||||und||
020 _a9789588869438
041 _aspa
100 _aSuárez, Marco Fidel
245 0 _aEl sueño de la educación, y otros escritos
264 _a[Bogotá, Colombia] :
_bEdiciones Unaula,
_c2016
300 _a336 páginas
490 _aBicentenario
650 _aPhilosophy, Ethics
856 _uhttps://public.digitaliapublishing.com/a/49637
942 _cCF
999 _c96662
_d96662